01376cam a2200325 a 4500001000800000003000400008005001700012007000400029008004100033010001700074020001500091040001900106041001100125043001200136050002500148082001900173245013200192260004000324300002800364500002300392500020700415504002800622650007700650650009700727651009500824700002000919700002300939710004400962710004401006100613500020170726123146.0000870921s1988 vtu b 100 0 eng  a 87027065  a0566055228 aUOELcDLCdDLC0 aengfre ae------00aHC240.9.E5bE57 198800a363.7/009421900aEnvironment and economic development in the regions of the European Community /cedited by Frank E. Joyce and Gunter Schneider. aBrookfield, Vt. :bAvebury,cc1988. axviii, 154 p. ;c23 cm. aEnglish or French. aPapers presented at a seminar that was held at Cambridge University, Dec. 16-18, 1984, organized by the Commission of the European Communities in association with ECOTEC Research and Consulting Limited. aIncludes bibliographies 0aEnvironmental policyzEuropean Economic Community countriesxCongresses. 0aRegional planningxEnvironmental aspectszEuropean Economic Community countriesxCongresses. 0aEuropean Economic Community countriesxEconomic policyxEnvironmental aspectsxCongresses.1 aJoyce, Frank E.1 aSchneider, Gunter.2 aCommission of the European Communities.2 aECOTEC Research and Consulting Limited.